Mnogoindeksnyje zadači linejnogo programmirovanija teorija, metody, priloženija
Salvato in:
| Autore principale: | |
|---|---|
| Altri autori: | |
| Natura: | Libro |
| Lingua: | russo |
| Pubblicazione: |
Moskva
Radio i svjaz'
1982
|
| Tags: |
Nessun Tag, puoi essere il primo ad aggiungerne!!
|
MARC
| LEADER | 00000nam a2200000 4500 | ||
|---|---|---|---|
| 001 | c129050 | ||
| 005 | 20041019155245.3 | ||
| 041 | 0 | |a rus | |
| 044 | |a RU | ||
| 245 | 1 | 0 | |a Mnogoindeksnyje zadači linejnogo programmirovanija |b teorija, metody, priloženija |c Lev Grigor'jevič Raskin, Ivan Onufrejevič Kiričenko |
| 264 | 1 | |a Moskva |b Radio i svjaz' |c 1982 | |
| 300 | |a 238 s. | ||
| 100 | 1 | |a Raskin, Lev Grigor'jevič | |
| 700 | 1 | |a Kiričenko, Ivan Onufrejevič | |